Introducción a la apreciación musical y repertorio coral a 2 y 3 voces /

Guardado en:
Autor Principal: Bareilles, Oscar S.
Formato: Libro
Publicado: Buenos Aires : Ricordi, 1960
Materias:
Etiquetas: Agregar Etiqueta
Sin Etiquetas, Sea el primero en etiquetar este registro!
LEADER 00471nam a22001575a 4500
001 CEM.cems000846
005 20060210000000.0
008 130507s1960##################000#0#####d
003 CEMS
082 0 4 |a 780.7 
100 1 |a Bareilles, Oscar S. 
245 1 0 |a Introducción a la apreciación musical y repertorio coral a 2 y 3 voces / 
260 |a Buenos Aires :  |b Ricordi,  |c 1960 
300 |a 179 p. 
653 |a Musica 
859 |a CEMS  |b BIB. CEMS - 11 de abril  |h 780.7  |i B237-1  |p 7115.79  |t Ej.1